|
|
|
|
| LEADER |
00000nam0a2200000 4500 |
| 001 |
244703 |
| 005 |
20231101232055.0 |
| 010 |
|
|
|a 5705000022
|
| 020 |
|
|
|a RU
|b 90-38418
|
| 035 |
|
|
|a (RuTPU)RU\TPU\book\266093
|
| 090 |
|
|
|a 244703
|
| 100 |
|
|
|a 20131026d1990 k a0rusy5003 ca
|
| 101 |
0 |
|
|a rus
|
| 102 |
|
|
|a RU
|
| 105 |
|
|
|a y z 001zy
|
| 200 |
1 |
|
|a Квалиметрия транспортных средств
|e методика оценки эффективности использования
|f В. Д. Бурдаков
|
| 210 |
|
|
|a Москва
|c Изд-во стандартов
|d 1990
|
| 215 |
|
|
|a 156 с.
|c ил.
|
| 320 |
|
|
|a Библиогр.: с. 155-156 (31 назв.)
|
| 606 |
1 |
|
|a Транспортные средства
|x Технический уровень
|2 stltpush
|3 (RuTPU)RU\TPU\subj\61360
|9 78556
|
| 610 |
1 |
|
|a квалиметрия
|
| 610 |
1 |
|
|a уравнения
|
| 610 |
1 |
|
|a критерии
|
| 610 |
1 |
|
|a эксплуатация
|
| 610 |
1 |
|
|a реализация
|
| 610 |
1 |
|
|a технический уровень
|
| 610 |
1 |
|
|a самолеты
|
| 610 |
1 |
|
|a транспортный комплекс
|
| 675 |
|
|
|a 629.1
|z rus
|
| 700 |
|
1 |
|a Бурдаков
|b В. Д.
|g Валентин Дмитриевич
|4 070
|
| 801 |
|
0 |
|a RU
|b RuMRKP
|c 19950417
|g psbo
|
| 801 |
|
1 |
|a RU
|b 63413507
|c 20131026
|
| 801 |
|
2 |
|a RU
|b 63413507
|c 20131128
|g RCR
|
| 942 |
|
|
|c BK
|